| 000 | 00000nam 2200000za 4500 |
| 001 | 9.846629 |
| 003 | CaOODSP |
| 005 | 20221107153241 |
| 007 | cr ||||||||||| |
| 008 | 171106s1916 onc #o f000 0 eng d |
| 040 | |aCaOODSP|beng |
| 043 | |an-cn-mb |
| 086 | 1 |aA54-5/78-1916E-PDF |
| 100 | 1 |aMcKillican, W. C.|q(William Christie),|d1880- |
| 245 | 10|aVarieties of wheat, oats and barley |h[electronic resource] / |bby W.C. McKillican. |
| 260 | |a[Ottawa] : |bDominion Experimental Farms, |c1916. |
| 300 | |a3 p. |
| 490 | 1 |aExhibition circular ; |vno. 78 |
| 500 | |aCaption title. |
| 500 | |aDigitized edition from print [produced by Agriculture and Agriifood Canada]. |
| 500 | |a"January 1916." |
| 692 | 07|2gccst|aWheat |
| 692 | 07|2gccst|aOats |
| 692 | 07|2gccst|aBarley |
| 710 | 1 |aCanada. |bAgriculture and Agri-Food Canada. |
| 710 | 2 |aDominion Experimental Farms and Stations (Canada) |
| 830 | #0|aExhibition circular (Dominion Experimental Farms)|vno. 78|w(CaOODSP)9.804973 |
| 856 | 40|qPDF|s277 KB|uhttps://publications.gc.ca/collections/collection_2017/aac-aafc/A54-5-78-1916-eng.pdf |